[Event "47th GER-ch Blitz 2020"]
[Site "Magdeburg"]
[Date "2020.08.15"]
[Round "5.7"]
[White "Wichmann, Cliff"]
[Black "Muranyi, Karl-Jasmin"]
[Result "0-1"]
[WhiteElo "2305"]
[BlackElo "2331"]
[Annotator "TA"]
[PlyCount "54"]
[EventDate "2020.07.28"]
[EventType "tourn"]
[EventCountry "GER"]
[SourceTitle "playchess.com"]
[Source "ChessBase"]
[SourceQuality "1"]

{[%evp 16,54,39,35,38,30,47,17,39,22,21,0,18,1,29,7,14,0,14,-9,-10,-21,0,-27,-31,-62,-63,-137,-138,-237,-212,-221,-225,-214,-155,-158,-152,-156,-152,-749,-725]} 1. d4 Nf6 2. c4 e6 3. Nf3 b6 4. g3 Bb7 5. Bg2 Bb4+ 6. Nbd2 Ne4 7. O-O Nxd2 8. Bxd2 Bxd2 9. Qxd2 d6 {E16: Queen's Indian: 4 g3 Bb7 5 Bg2 Bb4+.} 10. Qc2 Nd7 11. b4 {[#]} a5 $146 {The position is equal.} ({Predecessor:} 11... Nf6 12. Rfe1 Be4 13. Qb2 O-O 14. Bf1 Qe7 15. Nd2 Bb7 16. a4 c5 17. a5 cxd4 18. Qxd4 {1-0 (33) Mitsis,G (2285)-Khetsuriani,B (2260) Athens 2017}) 12. a3 Nf6 13. c5 Be4 14. Qb2 O-O 15. cxb6 cxb6 16. Rfc1 Qd7 17. Nd2 Bxg2 18. Kxg2 axb4 19. axb4 Rxa1 20. Qxa1 Qb5 21. Qc3 (21. e3 $15) 21... Qxe2 $17 {White must now prevent ...Nd5.} 22. Nc4 (22. Qb2 $17 {was worth a try.}) 22... Rc8 $19 23. Rc2 {[#]} Qe4+ $1 24. f3 Qg6 25. Qd2 Nd5 {...b5 is the strong threat.} 26. Rc1 Qh6 27. Qxh6 $2 {[#]} (27. f4 $17) 27... gxh6 {Accuracy: White = 51%, Black = 84%.} 0-1

[Event "47th GER-ch Blitz 2020"]
[Site "Magdeburg"]
[Date "2020.08.15"]
[Round "5.8"]
[White "Zelbel, Patrick"]
[Black "Krause, Benedict"]
[Result "1-0"]
[WhiteElo "2448"]
[BlackElo "2425"]
[Annotator "TA"]
[PlyCount "54"]
[EventDate "2020.07.28"]
[EventType "tourn"]
[EventCountry "GER"]
[SourceTitle "playchess.com"]
[Source "ChessBase"]
[SourceQuality "1"]

{[%evp 27,54,55,56,55,77,72,72,65,75,81,77,69,77,69,63,63,69,66,75,74,76,69,63,63,77,76,139,135,141]} 1. e4 c6 2. Nc3 d5 3. Nf3 Bg4 4. h3 Bh5 5. exd5 cxd5 6. Bb5+ Nc6 7. g4 Bg6 8. Ne5 Rc8 9. d4 e6 10. Qe2 Bb4 11. h4 Nge7 12. h5 Be4 13. f3 O-O 14. Nxc6 Nxc6 15. Be3 {B11: Caro-Kann: Two Knights Variation.} ({But not} 15. fxe4 $2 Nxd4 16. Qd3 dxe4 $19) 15... e5 16. Bxc6 $1 ({Stronger than} 16. fxe4 Nxd4 17. Bxd4 exd4 $17) 16... Rxc6 17. fxe4 {White is better.} Rxc3 $1 {[#]} 18. bxc3 $146 ({Predecessor:} 18. O-O-O Qa5 19. bxc3 Bxc3 20. Rd3 Qa3+ 21. Kd1 dxe4 22. Rxc3 Qxc3 23. Qe1 Qb2 24. Rg1 {1-0 (41) Dabija,M (2341)-Leite,D (2315) ICCF email 2012}) 18... Bxc3+ 19. Kf2 {aiming for Rab1.} exd4 {[#]} 20. Bf4 $1 d3 21. Qe3 {Black must now prevent Rad1.} dxe4 {Hoping for ...Bd4.} 22. Kg3 $1 {Threatens to win with Rad1.} Bxa1 23. Rxa1 dxc2 24. Qxe4 {[%mdl 64] [#] Double Attack} Qd1 25. Rc1 Rc8 26. g5 {Strongly threatening h6.} Qxh5 (26... h6 $142) 27. Rxc2 $16 {[%cal Rc2c8]} Rf8 {Accuracy: White = 100%, Black = 87%.} 1-0

[Event "47th GER-ch Blitz 2020"]
[Site "Magdeburg"]
[Date "2020.08.15"]
[Round "5.9"]
[White "Dobrikov, Marco"]
[Black "Stein, Robert"]
[Result "0-1"]
[WhiteElo "2290"]
[BlackElo "2325"]
[Annotator "TA"]
[PlyCount "118"]
[EventDate "2020.07.28"]
[EventType "tourn"]
[EventCountry "GER"]
[SourceTitle "playchess.com"]
[Source "ChessBase"]
[SourceQuality "1"]

{[%evp 11,118,12,27,20,37,18,15,-20,-24,-12,-15,-25,-4,-7,0,-50,-27,-30,-16,-27,-34,-91,0,0,22,0,27,0,10,0,104,-10,0,0,-18,0,45,8,10,0,23,31,185,178,185,177,162,167,218,203,223,9,349,106,122,121,131,113,94,0,0,0,0,0,0,-27,0,0,0,0,13,12,79,12,76,13,78,78,70,70,70,71,72,78,82,0,8,0,0,0,79,0,7,0,27,0,104,84,873,839,731,382,777,0,8,133,133,0,462]} 1. e4 e5 2. Nf3 Nc6 3. Bc4 Bc5 4. O-O d6 5. d3 Nf6 6. c3 a6 7. a4 {C54: Giuoco Piano: 4 c3 Nf6, main lines with 5 d4 and 5 d3.} Ba7 8. Nbd2 O-O 9. Re1 Ng4 10. Re2 Kh8 11. h3 Nh6 12. Nf1 f5 $1 13. Bxh6 gxh6 14. exf5 Bxf5 15. Bd5 Qf6 16. Ng3 {[#]} (16. Kh2 $15) 16... Bg6 (16... Bxh3 $1 $17 {[%mdl 512] White must now prevent ...Qg7.} 17. gxh3 Ne7 18. Bxb7 {[%mdl 64] Double Attack} Rab8) 17. Qd2 {[#]} h5 $146 ({Predecessor:} 17... Qf4 18. Qxf4 Rxf4 19. Be4 Bf7 20. Bxc6 bxc6 21. d4 Rg8 22. Kh2 exd4 23. Nxd4 Bxd4 24. cxd4 {0-1 (55) Movsesian,S (2624)-Morozevich,A (2718) Prague 2002}) 18. Kh1 Rab8 19. Rae1 (19. Ne4 $5 {[%cal Re4f6]} Qf4 20. Neg5 $11) 19... Ne7 20. Ba2 Nf5 (20... Qf4 $11) 21. Nxf5 (21. Ne4 $16 Qg7 22. Neg5) 21... Bxf5 $11 22. Bd5 c6 23. Be4 Rbe8 24. Bxf5 Qxf5 25. Re4 Rg8 26. d4 Rxg2 $2 (26... Ref8 $14 27. Qe2 exd4) 27. Kxg2 $18 Rg8+ 28. Kf1 $1 {aiming for Qe3.} ({But not} 28. Ng5 $6 Rxg5+ 29. Kh2 Rg8 $16) 28... Qxf3 29. R4e3 Qf4 (29... Qg2+ {might work better.} 30. Ke2 e4) 30. Rd3 $1 Qh2 31. Ke2 $2 (31. Qh6 $18 Qg2+ 32. Ke2) 31... Rf8 $2 {[%mdl 8192]} (31... e4 $1 $11 {and Black is okay.} 32. Re3 d5) 32. Rf3 $2 (32. Kd1 $1 $18) 32... Rxf3 $16 33. Kxf3 {And now Ke2 would win.} Qxh3+ {[%mdl 4096] Endgame KQR-KQB} 34. Ke2 {Threatens to win with Qg5.} Qg4+ 35. Kd3 (35. f3 $1 $16 {[%cal Rf3g4]} Qg2+ 36. Kd1 $1 {[%mdl 512]} Qxd2+ 37. Kxd2) 35... exd4 $11 36. Re8+ Kg7 37. Re7+ {[%mdl 64] Double Attack} Kf6 38. Qe1 dxc3 {Hoping for ...Bxf2!} 39. Rxb7 {Qe7+ is the strong threat.} Qf3+ 40. Kc2 Qf5+ 41. Kxc3 {Qe7+! would kill now.} Qc5+ (41... Qf3+ $11 42. Kd2 Qf4+ 43. Ke2 Qc4+ 44. Kd2 Qf4+ {[%mdl 64] Double Attack} 45. Ke2 Qe4+ 46. Kf1 Qc4+ 47. Qe2 Qc1+ 48. Qe1 (48. Kg2 Qg5+ 49. Kh2 Qh4+ 50. Kg1 Qg5+ 51. Kh2 Qh4+ 52. Kg1 Qg5+ 53. Kf1 Qc1+ 54. Qe1 Qc4+ 55. Kg1 Qg4+ 56. Kh1 Qh3+ 57. Kg1 Qg3+ 58. Kh1 Qh3+ 59. Kg1 Qg4+ 60. Kh2 Qh4+ 61. Kg1 Qg4+ $11) 48... Qc4+ 49. Kg1 Qg4+ 50. Kh2 Qh4+ 51. Kg1 Qg4+ 52. Kh1 (52. Kh2 Qf4+ 53. Kg2 Qg4+ 54. Kh1 Qh4+ 55. Kg1 Qg4+ $11) 52... Qh3+ 53. Kg1 Qg3+ 54. Kh1 Qh3+ 55. Kg1 Qg3+ 56. Kh1 Qh3+) 42. Kd3 ({White should try} 42. Kb3 $16 Qd5+ 43. Kc2) 42... Qf5+ (42... Qd4+ $11 43. Ke2 Qe4+ 44. Kf1 Qh1+ 45. Ke2 Qe4+ {[%mdl 64] Double Attack} 46. Kf1 Qh1+ 47. Ke2 Qe4+ {[%mdl 64] Double Attack}) 43. Kd2 (43. Qe4 $16 Qxe4+ 44. Kxe4 Bxf2 45. Rxh7) 43... Qd5+ {[#]} (43... Qf4+ $11 44. Ke2 Qc4+ 45. Kd2 Qf4+ 46. Ke2 Qe4+ 47. Kf1 Qh1+ 48. Ke2 Qe4+ {[%mdl 64] Double Attack} 49. Kf1 Qh1+ 50. Ke2 Qe4+ {[%mdl 64] Double Attack}) 44. Kc2 $1 $16 Bd4 45. Qe7+ Kg6 46. Qxh7+ Kg5 47. Qe7+ Kg6 48. Qe8+ (48. Qe2 $16) 48... Kg5 $11 49. Qe2 Qf5+ $1 50. Kc1 Qxf2 (50... Be5 $11 {remains equal.} 51. Qc2 Qxc2+ 52. Kxc2 h4) 51. Qe7+ ({Better is} 51. Qxa6 $16 Qf3 52. Kc2) 51... Bf6 52. Qxd6 Qf1+ 53. Kc2 (53. Qd1 $5 {[%cal Rd1f1]} Qc4+ 54. Kb1 $11) 53... Qf5+ {[#]} (53... h4 $11 {keeps the balance.}) 54. Kb3 $1 $16 Qd5+ $2 {[%mdl 8192]} (54... Qf3+ $16 55. Kb4 h4) 55. Qxd5+ $18 cxd5 56. Rd7 d4 $2 (56... h4 57. Rxd5+ Kg4) 57. Rd6 $2 (57. Rd5+ $18 Kg4 58. Ra5) 57... h4 $11 58. Rxa6 h3 59. Ra7 (59. Rc6 $16) 59... Kg6 $2 {[%mdl 40960] Accuracy: White = 55%, Black = 54%. . Sensor Board Error (Ke4/e5)?} (59... d3 $11 60. Rh7 Kg4) 0-1

[Event "47th GER-ch Blitz 2020"]
[Site "Magdeburg"]
[Date "2020.08.15"]
[Round "5.10"]
[White "Frischmann, Rick"]
[Black "Schoewel, Matthias"]
[Result "1-0"]
[WhiteElo "2347"]
[BlackElo "2218"]
[Annotator "TA"]
[PlyCount "61"]
[EventDate "2020.07.28"]
[EventType "tourn"]
[EventCountry "GER"]
[SourceTitle "playchess.com"]
[Source "ChessBase"]
[SourceQuality "1"]

{[%evp 14,61,35,-25,48,2,49,42,56,37,80,70,97,7,25,21,22,31,126,49,43,44,45,23,253,59,63,5,104,66,72,74,330,330,311,48,202,26,93,84,252,73,185,104,95,118,106,96,968,948]} 1. e4 e5 2. Nf3 Nc6 3. d4 exd4 4. Nxd4 d6 5. Bb5 Bd7 6. Nc3 Nf6 7. O-O Be7 8. f4 (8. Nxc6 $14 Bxc6 9. a4) 8... O-O {C66: Ruy Lopez: Steinitz Defence.} (8... Nxd4 $1 $11 9. Qxd4 Bxb5 10. Nxb5 O-O) 9. Nf3 a6 10. Bd3 Nb4 {White is slightly better.} 11. Be2 a5 12. a3 {aiming for e5.} Na6 {[#]} 13. Kh1 $146 (13. e5 $16) ({Predecessor:} 13. e5 dxe5 14. Nxe5 Bc5+ 15. Kh1 Bf5 16. Bd3 Bxd3 17. Nxd3 Bb6 18. Qf3 c6 19. f5 {1-0 (81) Benko,F (2114)-Amil Meilan,H (2207) Buenos Aires 2002}) 13... Nc5 14. e5 dxe5 15. fxe5 Ne8 (15... Nfe4 $14) 16. Nd5 (16. Qe1 $16) 16... Bc6 $14 17. Nxe7+ Qxe7 18. Bc4 Rd8 $2 (18... Bxf3 $1 $11 {and Black has nothing to worry.} 19. Qxf3 Qxe5) 19. Qe1 $2 (19. Bg5 $18 Rxd1 20. Bxe7 Rxa1 21. Rxa1) 19... Ne6 20. Qg3 ({White should play} 20. Be3 $14) 20... Kh8 (20... Qc5 $11 {remains equal.} 21. Bd3 Bb5) 21. Bg5 Nxg5 22. Nxg5 Bd5 $2 {[%mdl 8192]} (22... Rd2 $16 {might work better.} 23. Nxf7+ Rxf7 24. Rxf7 Rxg2 25. Qxg2 (25. Rxe7 $2 {is a self mate.} Rxg3+ {[%mdl 64] Discovered Attack} 26. Bd5 Bxd5#) 25... Bxg2+ 26. Kxg2 Qc5) 23. Bxd5 $18 Rxd5 {[#]} 24. Rae1 $2 (24. Qh4 $1 $18 {[%csl Gg5][%cal Rh4h7][%mdl 512]} h6 25. Qe4 Qxg5 26. Qxd5 {[%mdl 64] Double Attack}) 24... h6 $2 (24... Rc5 $1 $14) 25. Nf3 $2 $40 {[%mdl 128] White mounts an attack.} (25. Qf3 $18) 25... c6 {[#]} (25... Kg8 $11) 26. Nh4 $1 $16 {Hoping for c4.} Qe6 $2 {[#]} (26... Nc7 $16) 27. Nf5 $2 (27. Ng6+ $1 $18 {[%mdl 512]} Kg8 (27... Qxg6 28. Qxg6) 28. Nf4) 27... Qg6 (27... c5 $16) 28. Qxg6 (28. Ne7 $18 Qxg3 29. hxg3) 28... fxg6 29. Ne7 $1 {[%csl LRd5,LRf8,LRg6]} Rxf1+ 30. Rxf1 Rxe5 $2 {[%mdl 8192]} (30... Rd4 $16) 31. Nxg6+ {[%mdl 64] Double Attack. Accuracy: White = 36%, Black = 14%.} 1-0

[Event "47th GER-ch Blitz 2020"]
[Site "Magdeburg"]
[Date "2020.08.15"]
[Round "5.11"]
[White "Meier, Georg"]
[Black "Berger, Steve"]
[Result "1-0"]
[WhiteElo "2621"]
[BlackElo "2408"]
[Annotator "TA"]
[PlyCount "55"]
[EventDate "2020.07.28"]
[EventType "tourn"]
[EventCountry "GER"]
[SourceTitle "playchess.com"]
[Source "ChessBase"]
[SourceQuality "1"]

{[%evp 22,55,5,9,22,13,16,10,0,4,13,0,14,10,14,14,14,14,17,17,18,13,15,11,14,13,21,13,13,13,13,13,21,0,7,0]} 1. Nf3 c5 2. c4 g6 3. g3 Bg7 4. Bg2 Nc6 5. O-O e6 6. Nc3 Nge7 7. e3 O-O 8. d4 cxd4 9. Nxd4 d5 10. cxd5 Nxd4 11. exd4 Nxd5 12. Re1 {The position is equal.} b6 {A36: Symmetrical English vs ...g6: 4 Bg2 Bg7.} 13. Nxd5 exd5 14. h4 Be6 15. Bf4 Qd7 {[#]} 16. Be5 $146 ({Predecessor:} 16. Qd2 Rfe8 17. Be5 Bh3 18. Bxg7 Bxg2 19. Kxg2 Kxg7 20. Qf4 h5 21. Rac1 Rxe1 22. Rxe1 {½-½ (41) Sanguineti,R-Bilek,I Nice 1974}) 16... h5 17. Qd2 Rac8 18. Bxg7 Kxg7 19. Re5 f6 20. Re3 Rfe8 21. Rae1 Bf7 22. a3 Rxe3 23. Rxe3 Re8 24. Rc3 Rc8 25. Bf3 Rxc3 26. Qxc3 Be6 27. Kf1 Bg4 28. Bxg4 {[%mdl 32768] Not much happened in this game. Accuracy: White = 100%, Black = 100%. . Loss on time!?} 1-0

[Event "47th GER-ch Blitz 2020"]
[Site "Magdeburg"]
[Date "2020.08.15"]
[Round "5.12"]
[White "Koch, Thomas"]
[Black "Kopylov, Michael"]
[Result "1/2-1/2"]
[WhiteElo "2461"]
[BlackElo "2407"]
[Annotator "TA"]
[PlyCount "65"]
[EventDate "2020.07.28"]
[EventType "tourn"]
[EventCountry "GER"]
[SourceTitle "playchess.com"]
[Source "ChessBase"]
[SourceQuality "1"]

{[%evp 9,65,37,67,44,52,45,103,54,151,129,136,77,81,73,82,92,84,84,95,79,123,110,130,132,123,127,143,34,39,0,0,0,84,0,86,88,124,52,54,41,214,97,233,190,186,121,120,38,106,106,100,-28,0,0,230,231,1274,1152]} 1. d4 Nf6 2. c4 c5 3. d5 b5 4. cxb5 a6 5. bxa6 g6 6. Nc3 {A58: Benko/Volga Gambit: Lines with 5 bxa6.} Bg7 7. e4 Qa5 (7... O-O $14) 8. Bd2 {Threatens to win with e5.White is better.} (8. a7 {with more complications.} Na6 9. Bd2 d6 10. Bb5+ Bd7 11. Bc4) 8... Bxa6 (8... O-O $1 $14) 9. Bxa6 Qxa6 10. Nge2 (10. e5 $142) 10... d6 11. O-O O-O 12. a4 Nbd7 13. Qc2 {[#]} Rfc8 $146 ({Predecessor:} 13... Qc4 14. b3 Qb4 15. f3 c4 16. bxc4 Qxc4 17. Qa2 Qc5+ 18. Kh1 Ne5 19. Nd1 Nfd7 {1-0 (37) Horvath,C (2546)-Van Assendelft,F (2362) Utrecht 2015}) 14. Nb5 Ne8 15. Bc3 Nc7 16. Nxc7 Rxc7 17. Bxg7 Kxg7 18. Nc3 (18. b4 $16) 18... Rb7 $1 $14 19. f4 Qc4 20. Rf2 Nf6 (20... Qb4 $11) 21. h3 (21. Re1 $16) 21... Rb4 (21... Rab8 $11 {keeps the balance.} 22. Rb1 Rb3) 22. Re1 $1 $16 Rab8 23. Qc1 ({White should try} 23. e5 $1 $16 {[%cal Re5f6]} Nd7 24. Re4) 23... Qd3 {[%cal Rf6e4]} 24. e5 Nh5 $2 (24... Ne4 $1 $14 25. Rxe4 Rxe4) 25. f5 (25. exd6 $18 {has better winning chances.} exd6 26. f5 $1 {[%mdl 512]}) 25... Qg3 (25... dxe5 $16 {is a better defense.} 26. Re3 (26. Rxe5 Rxb2 27. Qe3 Rb1+ 28. Kh2 Qxe3 $11) 26... Qa6) 26. Rf3 Qh4 27. exd6 (27. fxg6 $18 {Black must now prevent exd6.} hxg6 28. exd6 exd6 29. Nb5) 27... exd6 28. Re2 (28. Nb5 $16) 28... Nf4 {[#]} ({Black should play} 28... Rf4 $1 $14 29. Rff2 Rxf5 30. Rxf5 gxf5) 29. Ref2 $1 $36 {[%cal Rf3f4][%mdl 2048] Black is under strong pressure.} g5 30. Ne2 ({Better is} 30. Nb5 $16) 30... Rxb2 ({Of course not} 30... Nxd5 $6 31. f6+ Kh8 32. Qd2 $14) 31. Qc3+ $1 ({Don't blunder} 31. Nxf4 $2 Rb1 $19) 31... f6 $2 (31... Kg8 $1 $11 32. Rxf4 (32. Nxf4 Rxf2 33. Ne6 fxe6 $11) 32... gxf4 33. Rxf4 Qh6 34. Rg4+ Kf8) 32. Nxf4 $18 gxf4 $2 (32... Rb1+ 33. Kh2 gxf4) 33. Rxb2 {[%mdl 32768] Accuracy: White = 54%, Black = 43%. . An unexpected result.} 1/2-1/2

[Event "47th GER-ch Blitz 2020"]
[Site "Magdeburg"]
[Date "2020.08.15"]
[Round "5.13"]
[White "Svane, Rasmus"]
[Black "Hess, Max"]
[Result "1-0"]
[WhiteElo "2613"]
[BlackElo "2378"]
[Annotator "TA"]
[PlyCount "71"]
[EventDate "2020.07.28"]
[EventType "tourn"]
[EventCountry "GER"]
[SourceTitle "playchess.com"]
[Source "ChessBase"]
[SourceQuality "1"]

{[%evp 14,71,24,16,23,29,36,0,29,36,36,23,26,23,34,25,40,19,17,16,14,16,15,0,0,0,0,-21,-16,-10,0,-28,-28,-32,-14,-15,25,-34,-29,-27,15,0,0,-61,83,75,83,84,89,77,158,169,165,150,689,686,709,690,1554,1531]} 1. Nf3 Nf6 2. g3 g6 3. Bg2 Bg7 4. O-O O-O 5. d4 d6 6. Re1 Nbd7 7. e4 e5 8. Nc3 $1 {The main line 8.Nc3 scores better than 8.c3.} b6 {[#] B07: Pirc Defence: Miscellaneous Systems.} 9. Be3 $146 ({Predecessor:} 9. a4 a6 10. h3 Bb7 11. d5 a5 12. Bg5 h6 13. Be3 Nc5 14. Nd2 Nh7 15. Ra3 Bc8 16. Kh2 {½-½ (38) Wagner,D (2581)-Demchenko,A (2641) chess.com INT 2020}) 9... Bb7 10. dxe5 Nxe5 {The position is equal.} (10... dxe5 {is interesting.} 11. Qd2 Bxe4 12. Bg5 Bc6 13. Rad1 Re8) 11. Nxe5 dxe5 12. Qe2 c6 13. a4 Qc7 14. Red1 Rfd8 15. Qc4 Rxd1+ 16. Rxd1 Rd8 17. Rxd8+ Qxd8 18. Bf3 h5 19. h3 Qd7 20. Kg2 Bc8 21. h4 Ng4 22. Bg5 {[#]} (22. Bxg4 $5 hxg4 23. a5 $11) 22... Qd4 $1 {[%mdl 512]} 23. Qe2 Be6 24. Bxg4 hxg4 25. Be3 (25. Qa6 $11) 25... Qb4 $15 {White must now prevent ...Bc4.} 26. Bc1 f5 27. exf5 gxf5 28. h5 (28. Qa6 $11) 28... Bf7 (28... Bc4 $15 {stays ahead.} 29. Qd2 Qe7) 29. h6 $36 {[%mdl 2048] White is in control.} Bf6 30. Qa6 Qe7 31. Qc8+ {[%mdl 64] [#] Double Attack} Kh7 ({Black should play} 31... Qe8 32. Qxf5 {[%mdl 64] Double Attack} Qe6) 32. Qxf5+ {[%mdl 64] Double Attack} Bg6 33. Qxg4 {Ne4 is the strong threat.} Bxc2 $2 (33... e4 $16 34. Kg1 Bxc3) 34. Ne4 $18 {White is clearly winning.} Kh8 35. Qc8+ {[%mdl 64] Double Attack} Kh7 36. Qf5+ {[%mdl 64] Double Attack. Accuracy: White = 82%, Black = 56%.} 1-0

[Event "47th GER-ch Blitz 2020"]
[Site "Magdeburg"]
[Date "2020.08.15"]
[Round "5.14"]
[White "Reichmann, Hendrik"]
[Black "Siebarth, Raiko"]
[Result "1-0"]
[WhiteElo "2348"]
[BlackElo "2333"]
[Annotator "TA"]
[PlyCount "75"]
[EventDate "2020.07.28"]
[EventType "tourn"]
[EventCountry "GER"]
[SourceTitle "playchess.com"]
[Source "ChessBase"]
[SourceQuality "1"]

{[%evp 12,75,0,0,10,6,17,0,8,0,0,0,0,0,0,-4,7,-22,61,41,52,58,78,95,95,82,117,116,217,214,219,199,213,108,116,103,113,52,233,221,215,97,829,823,807,796,761,791,1914,737,754,739,752,743,1184,1172,1017,846,1155,1111,29973,29973,29993,29982,29988,29989]} 1. d4 Nf6 2. Bf4 d6 3. e3 Nbd7 4. h3 g6 5. Nf3 Bg7 6. Be2 O-O 7. O-O a6 {A48: 1 d4 Nf6 2 Nf3 g6: Torre, London and Colle Systems.} 8. a4 b6 9. c3 Bb7 {The position is equal.} 10. Bh2 Re8 11. Nbd2 e5 12. b4 {was the old line (12.Qb3).} Qe7 13. Qb3 {[#]} h6 $146 ({Predecessor:} 13... exd4 14. cxd4 c5 15. Rfd1 Ne4 16. Nxe4 Qxe4 17. Rac1 cxd4 18. Bc4 Qe7 19. Nxd4 Be5 20. Bxe5 Nxe5 {½-½ (104) Sergeev,V (2479)-Warakomski,T (2488) Ostrava 2009}) 14. a5 g5 (14... exd4 $11 15. Nxd4 b5) 15. axb6 cxb6 16. c4 g4 17. hxg4 Nxg4 {[#]} 18. Bg3 $1 Ndf6 19. c5 Nh5 (19... dxc5 $16 {was necessary.} 20. dxc5 bxc5) 20. cxd6 $18 ({Don't blunder} 20. cxb6 $2 Nxg3 21. fxg3 exd4 $19) 20... Qxd6 21. Bxe5 Nxe5 22. dxe5 (22. Nxe5 $18 Bd5 23. Bc4 Bxc4 24. Ndxc4 (24. Nexc4 Qe6 $18)) 22... Bxe5 $16 23. Nc4 $36 {[%mdl 2048] Black is under strong pressure.} Qg6 ({Wrong is} 23... Qd5 $2 24. Rad1 $18) 24. Nh4 (24. Rad1 $16) 24... Qg5 $2 ({Black should play} 24... Qe6 $1 $14) 25. Nxe5 $18 Qxe5 26. Bf3 (26. f4 $18 {and the rest is easy.} Nxf4 27. Rxf4) 26... Re7 $2 {[%mdl 8192]} (26... Bxf3 $16 27. Nxf3 Qe6 28. Qxe6 Rxe6) 27. Ng6 {[%mdl 64] Double Attack} Qf6 28. Nxe7+ Qxe7 29. Bxh5 Qg5 30. g4 Rf8 31. e4 {[%mdl 64] Decoy} Bxe4 32. Qe3 Qd5 33. Rad1 {[%cal Ba1d1,Bd1d6,Bd6h6,Bh6f6][%mdl 32]} Qc6 34. f3 Bh7 35. Qf4 b5 {[#]} 36. Rd6 $1 {[%mdl 64] Double Attack. White mates.} Qc2 37. Rxh6 f6 38. Rxf6 {Accuracy: White = 70%, Black = 53%.} 1-0

[Event "47th GER-ch Blitz 2020"]
[Site "Magdeburg"]
[Date "2020.08.15"]
[Round "5.15"]
[White "Svane, Frederik"]
[Black "Schneider, Ilja"]
[Result "1/2-1/2"]
[WhiteElo "2421"]
[BlackElo "2479"]
[Annotator "TA"]
[PlyCount "105"]
[EventDate "2020.07.28"]
[EventType "tourn"]
[EventCountry "GER"]
[SourceTitle "playchess.com"]
[Source "ChessBase"]
[SourceQuality "1"]

{[%evp 9,105,57,62,12,20,20,29,20,22,26,48,45,50,23,40,17,37,19,31,0,0,4,0,0,0,0,0,0,7,0,0,0,0,0,1,0,24,9,57,0,0,0,0,0,0,0,0,0,0,0,0,0,0,0,0,0,8,8,70,68,79,76,81,75,72,84,77,68,73,73,71,71,289,267,239,0,0,0,0,0,0,0,0,0,0,0,0,0,0,0,0,0,0,0,0,0,0,0]} 1. e4 Nc6 2. Nf3 f5 3. exf5 d5 4. d4 Bxf5 5. Bb5 e6 6. Bf4 {B00: Queen's Fianchetto Defence, Nimzowitsch Defence.} Bd6 7. Bg3 Nge7 8. O-O {White has an edge.} O-O 9. c3 Bg4 10. Nbd2 {[#]} e5 $146 ({Predecessor:} 10... Ng6 11. h3 Bxf3 12. Nxf3 Nf4 13. Re1 Qf6 14. Bxc6 bxc6 15. Ne5 Bxe5 16. Rxe5 c5 {½-½ (60) Mazi,L (2380)-Vokroj,R (2306) St Veit 2000}) 11. Bxc6 (11. dxe5 {looks sharper.} Nxe5 12. Bxe5 Bxe5 13. h3 Bxf3 14. Nxf3 Bf6 15. Bd3) 11... Nxc6 12. Qb3 exd4 13. Qxd5+ {[%mdl 64] [#] Double Attack} Kh8 14. Bxd6 dxc3 $1 15. bxc3 Qxd6 16. Qxd6 cxd6 17. Rfe1 Rac8 18. Re3 h6 19. Rae1 Kh7 20. h3 Bxf3 21. Nxf3 Rf5 22. Rd1 Rf6 23. Rd5 b6 24. Red3 (24. Nd2 $14) 24... Na5 $11 25. Rxd6 Rxd6 26. Rxd6 Rxc3 {[%mdl 4096] Endgame KRN-KRN} 27. Rd7 Rc1+ 28. Kh2 Rc2 29. Rxa7 Rxf2 30. Ra6 Nc4 31. Kg3 Rb2 32. Nh4 g5 33. Ra7+ Kg8 ({Black should try} 33... Kh8 $1 $11 34. Nf5 h5) 34. Nf5 $14 h5 35. Rg7+ {[%mdl 64] [#] Double Attack} Kf8 {Strongly threatening ...Nd6!} 36. Rxg5 Rxa2 37. Rxh5 b5 38. Rh8+ Kf7 39. Rb8 Rb2 40. h4 {h5 is the strong threat.} b4 $2 (40... Kg6 $16) 41. h5 $18 {Black must now prevent h6.} Rb1 42. Kf4 $2 ({White should play} 42. Kg4 $18) 42... b3 $11 {The position is equal.} 43. Ne3 b2 {And now ...Nxe3 would win.} 44. Nxc4 {KRN-KR} Rf1+ 45. Kg5 b1=Q 46. Rxb1 Rxb1 {KR-KN} 47. Ne5+ Kg7 48. g4 Rb5 49. Kf5 Kh6 50. Kf4 Rb4+ 51. Kf5 Rb5 52. Kf6 Rb6+ 53. Kf5 {Accuracy: White = 89%, Black = 87%.} 1/2-1/2